000 00965nam a2200289 i 4500
003 EG-GICUC
005 20260223111251.0
008 260223s1922 -uK ||fr|||| 000 0 eng d
040 _aEG-GiCUC
_beng
_cEG-GiCUC
_dEG-GiCUC
_erda
041 0 _aeng
082 0 4 _221
_a341.22
_bTE . S
092 0 4 _221
099 _aLaw1 11 341.22 TE . S 1922
100 1 _aTemperley, Harold W. V
_eAuthor.
245 1 4 _aThe Second Year Of The League :
_bA Study Of The Second Assembly Of The League Of Nations /
_cBy Harold W. V. Temperley.
264 1 _aLondon :
_bHutchinson & Co,
_c1922.
300 _a228, 24 pages,
_c22 cm.
336 _2rda content
_atext
337 _2rda media
_aComputer
338 _2rda carrier
_aOnline Resource
504 _aIncludes bibliographical references.
546 _aText in English
650 1 4 _aPublic international law
856 4 0 _uhttps://fll.law.cu.edu.eg/fulltext/bks/B11-08338.pdf
905 _a48
942 _2ddc
_cBK
_e21
_n0
999 _c64046
_d64046